00940 a2200169 45000010006000000050017000060080041000230030015000640400040000790800107001192450039002262640033002653000019002985050419003170410008007361000026007446266820260407155920.0260407a1974 arg spa dAR-UNSa-BCEJYS aAR-UNSa-BCEJYSbspacAR-UNSa-BCEJYS a35.08xPersonal administrativo. Funcionarios. plantilla. función pública. Teoría, organización10aEstabilidad del empleado público 1aBuenos Aires :bAstreac1974 a172 p.c20 cm. a 1. Alcance legal de la estabilidad - 2. Efectos de la garantía de estabilidad – 3. Causas extintivas más frecuentes, cesantía y exoneración – 4. Causas extintivas menos frecuentes – 5. Declaración de prescindibilidad – 6. Causas suspensivas de la estabilidad – 7. Estado de comisión, antecedentes y objeto – 8. Constitucionalidad y control jurisdiccional de la declaración en comisión. aspa1 aMercado Luna, Ricardo